00586 2200157 4500245003600000020002200036100002100058650002200079005001900101260003700120041001400157084001000171300004200181500019600223336000900419 aSerunya Museum di JakartahText a978-979-075-570-3 aAmalia Dwifarina aMuseum di Jakarta a20230929090913 aJakartabErlangga for Kidsc2011 aIndonesia a708.1 a159 hlm. :bilus., berwarna ;c19 cm. aBuku ini berisi panduan unik untuk menemani perjalanan pembaca ke museum. "Ini merupakan buku panduang tentang museum terlengkap yang ada saat ini." -Asep Kambali (Pendiri Komunitas Historia) atext